| 000 | 01877nam a2200469 c 4500 | ||
|---|---|---|---|
| 001 | 51791 | ||
| 003 | ES-MaCES | ||
| 005 | 20250526142702.0 | ||
| 007 | cr ||||||||||| | ||
| 008 | 210507s2020 sp 000 ||spa d | ||
| 017 |
_aNA 1892-2020 _bDL |
||
| 020 | _a9788413455808 | ||
| 020 | _a9788413455822 (electrónico) | ||
| 040 |
_aES-MaCES _bspa _cES-MaCES |
||
| 100 | 1 |
_911854 _aFernández Fernández, Roberto |
|
| 245 | 1 | 3 |
_aRedes sociales y Derecho del trabajo _b: el lento tránsito desde la indiferencia legislativa a la necesaria regulación legal o convencional _cRoberto Fernández Fernández ; pr. de Juan José Fernández Domínguez |
| 250 | _a1ª ed | ||
| 260 |
_aCizur Menor (Navarra) _bAranzadi-Thomson Reuters _c2020 |
||
| 300 |
_a262 p. _c24 cm |
||
| 490 | 1 | _aEstudios | |
| 500 | _a Publicación en formato DÚO (papel + libro ectrónico). Disponible en formato electrónico mediante la aplicación PROVIEW | ||
| 504 | _aBibliografía: p. 231-241 | ||
| 541 | _cCompra | ||
| 650 | 4 |
_ared social _930592 |
|
| 650 | 4 |
_aInternet _930572 |
|
| 650 | 4 |
_atecnología de la información _930104 |
|
| 650 | 4 |
_arelaciones laborales _928369 |
|
| 650 | 4 |
_acondiciones de trabajo _928327 |
|
| 650 | 4 |
_aadministración de personal _928216 |
|
| 650 | 4 |
_aderechos de los trabajadores _929924 |
|
| 650 | 4 |
_apoder empresarial _930600 |
|
| 650 | 4 |
_aderecho del trabajo _927165 |
|
| 650 | 4 |
_amecanismo de control _929918 |
|
| 650 | 4 |
_aEspaña _926964 |
|
| 650 | 4 |
_arégimen jurídico _929894 |
|
| 653 | 1 | 0 | _aDerecho del trabajo y Seguridad Social |
| 700 | 1 |
_911833 _aFernández Domínguez, Juan José _epr. |
|
| 830 | 0 |
_aEstudios (Thomson Reuters-Aranzadi) _934937 |
|
| 856 | 4 |
_uhttps://legalteca.aranzadilaley.es/my-library?sponsor=82111144-IP _yLegalteca |
|
| 902 | _aLIB Libro | ||
| 942 |
_2CES _cBK _h6.0.1. |
||
| 999 |
_c51791 _d51791 |
||